[Event "MDM 2008 Summer Open <1600"]
[Site "SchemingMind.com"]
[Date "2008.04.22"]
[Round "-"]
[White "scottie"]
[Black "Carl Lenox"]
[Result "1-0"]
[WhiteCountry "ENG"]
[BlackCountry "CAN"]
[WhiteElo "1531"]
[WhiteRD "84"]
[BlackElo "1225"]
[BlackRD "58"]
[GameID "151726"]

1. e4 e5 2. Nf3 Nc6 3. d4 Nf6 4. d5 Nb4 5. a3 Na6 6. Bxa6 Bc5 7. Bd3 O-O 8. Nc3 d6 9. Qe2 Ng4 10. Be3 Nxe3
11. fxe3 Qe7 12. Na4 Bd7 13. Nxc5 dxc5 14. c4 Rad8 15. O-O Ba4 16. Bc2 Bd7 17. Qf2 a6 18. Rad1 b5 19. b3 c6 20. dxc6 Bxc6
21. Rxd8 Rxd8 22. Qg3 b4 23. a4 Rd6 24. Nxe5 Bb7 25. Rxf7 Qd8 26. Rxb7 Rd2 27. Nf7 Qc8 28. Rb8 Qf8 29. Nh6+ Kh8 30. Rxf8#
1-0

[Event "MDM 2008 Summer Open <1600"]
[Site "SchemingMind.com"]
[Date "2008.04.22"]
[Round "-"]
[White "boba1844"]
[Black "Carl Lenox"]
[Result "0-1"]
[WhiteCountry "USA"]
[BlackCountry "CAN"]
[WhiteElo "1179"]
[WhiteRD "82"]
[BlackElo "1264"]
[BlackRD "59"]
[GameID "151727"]

1. e4 e5 2. Bc4 Nf6 3. Bxf7+ Kxf7 4. Qf3 Bc5 5. Nh3 Nc6 6. Ng5+ Kg8 7. O-O d5 8. d3 Bg4 9. Qg3 h6 10. Nf7 Kxf7
11. Be3 Nd4 12. Bxd4 Bxd4 13. c3 Nh5 14. Qxg4 Nf6 15. Qf3 Bc5 16. Qg3 Qd6 17. b4 Bb6 18. Na3 Qc6 19. Qxe5 Rhe8 20. Qf5 Qxc3
21. Nb5 Qxd3 22. Nd6+ cxd6 23. Rad1 Qc4 24. Rfe1 Qxb4 25. e5 dxe5 26. Qf3 e4 27. Qf4 Rac8 28. Re2 Bd4 29. a3 Qxa3 30. Red2 Rc1
31. h3 Qa1 32. Rxc1 Qxc1+ 33. Kh2 g5 34. Qg4 Nxg4+ 35. Kg3 Qxd2 36. hxg4 Qxf2+ 37. Kh3 Be5
0-1

[Event "MDM 2008 Summer Open <1600"]
[Site "SchemingMind.com"]
[Date "2008.04.23"]
[Round "-"]
[White "dtedesco"]
[Black "Carl Lenox"]
[Result "1-0"]
[WhiteCountry "CAN"]
[BlackCountry "CAN"]
[WhiteElo "1470"]
[WhiteRD "56"]
[BlackElo "1225"]
[BlackRD "58"]
[GameID "151728"]

1. e4 e5 2. f4 Nc6 3. Nf3 Nf6 4. Bc4 Bc5 5. Nc3 O-O 6. d3 d6 7. f5 a6 8. h3 b5 9. Bd5 Bd7 10. Bg5 b4
11. Ne2 Nd4 12. Nexd4 Bxd4 13. Nxd4 exd4 14. Qe2 c6 15. Bxf6 Qxf6 16. Bc4 Rfe8 17. Rf1 Qh4+ 18. Rf2 a5 19. Kd2 Qg5+ 20. Kd1 Qe7
21. g4 Rad8 22. f6 Qe5 23. Qf1 a4 24. fxg7 Qxg7 25. Rxf7 Bxg4+ 26. hxg4 Qxg4+ 27. Qf3 Qg1+ 28. Kd2 Qg5+ 29. Kd1 Qg1+ 30. Kd2 Qxa1
31. Ra7+ d5 32. Qf7+
1-0

[Event "MDM 2008 Summer Open <1600"]
[Site "SchemingMind.com"]
[Date "2008.04.28"]
[Round "-"]
[White "s-man"]
[Black "Brerrabbit"]
[Result "0-1"]
[WhiteCountry "CAN"]
[BlackCountry "SCO"]
[WhiteElo "1175"]
[WhiteRD "75"]
[BlackElo "1448"]
[BlackRD "68"]
[GameID "151940"]

1. d4 d5 2. Bf4 Nc6 3. Nc3 Nf6 4. Nf3 Bg4 5. e3 g6 6. Bb5 Bg7 7. Ng5 Bxd1 8. Kxd1 O-O 9. Ba4 h6 10. Nf3 Nb4
11. a3 Nc6 12. Ne5 g5 13. Nxc6 bxc6 14. Bxc6 Rb8 15. b4 Rb6 16. b5 a6 17. Bxd5 e6 18. Bc4 gxf4 19. bxa6 Qb8 20. h3 Ne4
21. Nxe4 Rb1+ 22. Ke2 Rb6 23. Kf3 e5 24. exf4 exd4 25. Nd2 d3 26. Rhb1 Bxa1 27. Rxa1 dxc2 28. Rc1 Qa8+ 29. Ke2 Re8+ 30. Kd3 Qd8+
31. Kxc2 Qd4 32. a4 Qb2+ 33. Kd3 Qxc1 34. Nb3 Rd6+ 35. Bd5 Rxd5+ 36. Nd4 c5
0-1

[Event "MDM 2008 Summer Open <1600"]
[Site "SchemingMind.com"]
[Date "2008.04.27"]
[Round "-"]
[White "s-man"]
[Black "hawkeye"]
[Result "0-1"]
[WhiteCountry "CAN"]
[BlackCountry "USA"]
[WhiteElo "1166"]
[WhiteRD "80"]
[BlackElo "1524"]
[BlackRD "87"]
[GameID "151941"]

1. e4 e5 2. Bc4 Nf6 3. Nf3 d5 4. Bb5+ c6 5. Ba4 Nbd7 6. Nc3 Nc5 7. Nxe5 Nxa4 8. Nxa4 Bd6 9. f4 O-O 10. Nd3 Nxe4
11. O-O Bd7 12. Ne5 Be8 13. d4 Qa5 14. c3 c5 15. Qb3 Bc6 16. Nxc6 bxc6 17. dxc5 Nxc5 18. Nxc5 Bxc5+ 19. Kh1 Qb6 20. f5 Rfe8
21. g4 Be3 22. Bxe3 Rxe3 23. Qxb6 axb6 24. a3 Re2 25. Rab1 Ra4 26. Rbe1 Rae4 27. Rxe2 Rxe2 28. g5 Rxb2 29. f6 Rb3 30. Re1 Kf8
31. g6 hxg6 32. fxg7+ Kxg7 33. h4 Rxc3 34. a4 Rh3+ 35. Kg2 Rxh4 36. Kg3 Rxa4 37. Kf2 Re4
0-1

[Event "MDM 2008 Summer Open <1600"]
[Site "SchemingMind.com"]
[Date "2008.04.28"]
[Round "-"]
[White "s-man"]
[Black "scottie"]
[Result "0-1"]
[WhiteCountry "CAN"]
[BlackCountry "ENG"]
[WhiteElo "1175"]
[WhiteRD "75"]
[BlackElo "1538"]
[BlackRD "84"]
[GameID "151942"]

1. Nf3 d5 2. Nc3 d4 3. Ne4 f5 4. Neg5 h6 5. Ne4 e6 6. Ng3 Bd6 7. Nxd4 Bxg3 8. fxg3 Qxd4 9. e3 Qd6 10. d4 Nf6
11. Bd3 Bd7 12. Qf3 Bc6 13. Qe2 Nbd7 14. O-O O-O-O 15. Bb5 Nd5 16. e4 fxe4 17. Bxc6 Qxc6 18. Qxe4 Rhf8 19. Rxf8 Rxf8 20. Bd2 N7f6
21. Qg6 Qd7 22. g4 Qf7 23. Qd3 Nxg4 24. Rf1 Qe7 25. Rxf8+ Qxf8 26. Qf3 Qxf3 27. gxf3 Ngf6 28. c4 Ne7 29. Bb4 Nc6 30. Bc3 Ne7
31. d5 Nd7 32. Bxg7 Nf5 33. Bc3 exd5 34. cxd5 Ne3 35. Bd4 Nxd5 36. Bxa7 b6 37. a4 Kb7
0-1

[Event "MDM 2008 Summer Open <1600"]
[Site "SchemingMind.com"]
[Date "2008.04.27"]
[Round "-"]
[White "s-man"]
[Black "boba1844"]
[Result "0-1"]
[WhiteCountry "CAN"]
[BlackCountry "USA"]
[WhiteElo "1175"]
[WhiteRD "75"]
[BlackElo "1206"]
[BlackRD "88"]
[GameID "151943"]

1. Nf3 e5 2. Nxe5 Bc5 3. Nd3 Bxf2+ 4. Nxf2 Nf6 5. e3 O-O 6. Nc3 d5 7. Bd3 d4 8. Nb5 Nc6 9. exd4 Re8+ 10. Kf1 Nxd4
11. c3 Bf5 12. cxd4 Bxd3+ 13. Nxd3 Ne4 14. a4 Qf6+ 15. Qf3 Nxd2+ 16. Bxd2 Qe6 17. Nxc7 Qe4 18. Nxa8 Qe7 19. Qe3 Qf6+ 20. Qf3 Qxd4
21. Nc7 Re7
0-1

[Event "MDM 2008 Summer Open <1600"]
[Site "SchemingMind.com"]
[Date "2008.04.28"]
[Round "-"]
[White "s-man"]
[Black "dtedesco"]
[Result "0-1"]
[WhiteCountry "CAN"]
[BlackCountry "CAN"]
[WhiteElo "1175"]
[WhiteRD "75"]
[BlackElo "1471"]
[BlackRD "57"]
[GameID "151944"]

1. Nf3 Nf6 2. Nc3 d5 3. e3 Nc6 4. Bb5 a6 5. Bd3 Bg4 6. e4 Nd4 7. O-O Nxf3+ 8. gxf3 Bh3 9. Re1 e5 10. exd5 Bd6
11. Ne4 O-O 12. Nxd6 cxd6 13. Bc4 Qa5 14. d4 exd4 15. Qe2 Nxd5 16. Qe4 Rfe8 17. Qxd5 Rxe1+ 18. Bf1 Rxf1#
0-1

[Event "MDM 2008 Summer Open <1600"]
[Site "SchemingMind.com"]
[Date "2008.04.27"]
[Round "-"]
[White "s-man"]
[Black "Carl Lenox"]
[Result "1-0"]
[WhiteCountry "CAN"]
[BlackCountry "CAN"]
[WhiteElo "1250"]
[WhiteRD "79"]
[BlackElo "1225"]
[BlackRD "58"]
[GameID "151945"]

1. e4 e5 2. Bc4 Nf6 3. Nc3 Nc6 4. Bd5 Nd4 5. Nf3 Bc5 6. Nxe5 O-O 7. a3 d6 8. b4 Bb6 9. Na4 Bg4 10. f3 Bc8
11. O-O c5 12. c3 Nb5 13. Nxb6 axb6 14. Bb2 c4 15. Bxc4 Nc7 16. Ng4 Bxg4 17. fxg4 Nxe4 18. Qb3 d5 19. Bd3 Nxd2 20. Qd1 Nxf1
21. Bxf1 Re8 22. c4 b5 23. Qd4 bxc4 24. Qxg7#
1-0

[Event "MDM 2008 Summer Open <1600"]
[Site "SchemingMind.com"]
[Date "2008.04.29"]
[Round "-"]
[White "Brerrabbit"]
[Black "s-man"]
[Result "1-0"]
[WhiteCountry "SCO"]
[BlackCountry "CAN"]
[WhiteElo "1464"]
[WhiteRD "62"]
[BlackElo "1250"]
[BlackRD "79"]
[GameID "151946"]

1. e4 e5 2. Nf3 d6 3. Nc3 Bg4 4. Be2 Nf6 5. d4 d5 6. Nxe5 Bxe2 7. Qxe2 c6 8. O-O Nbd7 9. Qf3 Qc7 10. Bg5 Qb6
11. Rfd1 Nxe4 12. Nxe4 dxe4 13. Qxe4 Nxe5 14. Qxe5+ Kd7 15. d5 f6 16. Qe6+ Kd8 17. dxc6+ Kc7 18. Qd7+ Kb8 19. Bf4+ Qc7 20. Qxc7#
1-0

[Event "MDM 2008 Summer Open <1600"]
[Site "SchemingMind.com"]
[Date "2008.04.29"]
[Round "-"]
[White "hawkeye"]
[Black "s-man"]
[Result "1-0"]
[WhiteCountry "USA"]
[BlackCountry "CAN"]
[WhiteElo "1538"]
[WhiteRD "88"]
[BlackElo "1175"]
[BlackRD "75"]
[GameID "151947"]

1. b3 Nc6 2. Nc3 e5 3. e4 Nf6 4. Bb2 d6 5. Nf3 Bg4 6. Be2 Nd4 7. Ng1 Nxe2 8. Ngxe2 g5 9. O-O c6 10. f3 Qb6+
11. Kh1 Be6 12. d4 exd4 13. Na4 Qa5 14. Nxd4 Bd7 15. Bc3 c5 16. Bxa5 cxd4 17. Qxd4 Be7 18. Bc7 Rc8 19. Bxd6 Rxc2 20. Qe5 Be6
21. Nc5 Bxd6 22. Qxd6 h5 23. Nxb7 h4 24. Qd8#
1-0

[Event "MDM 2008 Summer Open <1600"]
[Site "SchemingMind.com"]
[Date "2008.04.29"]
[Round "-"]
[White "scottie"]
[Black "s-man"]
[Result "1-0"]
[WhiteCountry "ENG"]
[BlackCountry "CAN"]
[WhiteElo "1538"]
[WhiteRD "84"]
[BlackElo "1175"]
[BlackRD "75"]
[GameID "151948"]

1. e4 Nf6 2. e5 Nd5 3. c4 Nb4 4. a3 Nd3+ 5. Bxd3 Nc6 6. Qe2 d6 7. exd6 cxd6 8. Be4 Nd4 9. Qd3 Nf5 10. Bxf5 Bxf5
11. Qxf5 Qc8 12. Qxc8+ Rxc8 13. b3 e6 14. Nf3 d5 15. d3 b5 16. Nfd2 bxc4 17. bxc4 Bd6 18. Nf3 dxc4 19. dxc4 Rxc4 20. Nbd2 Rc6
21. O-O Be5 22. Nxe5 Rc5 23. Bb2 Rc2 24. Nec4 O-O 25. Bc1 Rd8 26. Rb1 f5 27. Rb2 Rxb2 28. Bxb2 a5 29. a4 g5 30. Bc3 Rd3
31. Bxa5 Rd5 32. Re1 Kf7 33. Bc3 Rd3 34. Re3 Rd5 35. h3 g4 36. h4 f4 37. Re2 f3 38. gxf3 gxf3 39. Nxf3 Rd3 40. Nce5+
1-0

[Event "MDM 2008 Summer Open <1600"]
[Site "SchemingMind.com"]
[Date "2008.04.29"]
[Round "-"]
[White "boba1844"]
[Black "s-man"]
[Result "1-0"]
[WhiteCountry "USA"]
[BlackCountry "CAN"]
[WhiteElo "1206"]
[WhiteRD "88"]
[BlackElo "1175"]
[BlackRD "75"]
[GameID "151949"]

1. e4 Nf6 2. Qf3 Nc6 3. Bc4 Nd4 4. Bxf7+ Kxf7 5. Qd3 c5 6. Nf3 Nxf3+ 7. Qxf3 Ke8 8. e5 Ng8 9. Qh5+ g6 10. Qf3 d6
11. exd6 exd6 12. O-O Qd7 13. d3 Ne7 14. Be3 Qb5 15. Qf6 Rg8 16. Na3 Qc6 17. Bg5 Qb6 18. Nc4 Bg7 19. Qxe7#
1-0

[Event "MDM 2008 Summer Open <1600"]
[Site "SchemingMind.com"]
[Date "2008.04.29"]
[Round "-"]
[White "dtedesco"]
[Black "s-man"]
[Result "1-0"]
[WhiteCountry "CAN"]
[BlackCountry "CAN"]
[WhiteElo "1471"]
[WhiteRD "57"]
[BlackElo "1175"]
[BlackRD "75"]
[GameID "151950"]

1. e4 e5 2. f4 d6 3. Nf3 Nc6 4. Bc4 Nd4 5. Ng5 d5 6. Bxd5 exf4 7. Nxf7 Qd7 8. Qh5 g6 9. Qe5+ Qe7 10. Qxd4 c6
11. Qxh8 cxd5 12. Qxg8 Qxe4+ 13. Kf1 Qxc2 14. Nc3 Be6 15. Kf2 Bxf7 16. Re1+ Kd7 17. Qxf7+ Be7 18. Qxe7+ Kc6= 19. Re6#
1-0

[Event "MDM 2008 Summer Open <1600"]
[Site "SchemingMind.com"]
[Date "2008.04.29"]
[Round "-"]
[White "Carl Lenox"]
[Black "s-man"]
[Result "0-1"]
[WhiteCountry "CAN"]
[BlackCountry "CAN"]
[WhiteElo "1225"]
[WhiteRD "58"]
[BlackElo "1250"]
[BlackRD "79"]
[GameID "151951"]

1. e4 e5 2. Nf3 d6 3. Nc3 Nf6 4. Bc4 Be6 5. O-O Bxc4 6. d3 Ba6 7. Be3 Ng4 8. Bg5 Qd7 9. d4 Bxf1 10. Qxf1 Nf6
11. d5 h6 12. Qb5 hxg5 13. Nxg5 Qxb5 14. Nxb5 Kd7 15. Nxf7 Rh4 16. Re1 c6 17. c4 cxb5 18. cxb5 Nxe4 19. a4 Rf4 20. h3 Rxf7
21. Rxe4 Rf4 22. Re1 Rxa4 23. Re3 a5 24. Rf3 Ke7 25. Rc3 Nd7 26. Rc7 g5 27. Rxb7 e4 28. b6 Bg7 29. Rc7 Be5 30. b7 Ra1+
0-1

[Event "MDM 2008 Summer Open <1600"]
[Site "SchemingMind.com"]
[Date "2008.04.28"]
[Round "-"]
[White "agoodhobby"]
[Black "Brerrabbit"]
[Result "1-0"]
[WhiteCountry "USA"]
[BlackCountry "SCO"]
[WhiteElo "1639"]
[WhiteRD "55"]
[BlackElo "1464"]
[BlackRD "62"]
[GameID "152348"]

1. d4 d5 2. c4 e6 3. Nc3 Nf6 4. Bg5 dxc4 5. e4 Be7 6. Nf3 Nc6 7. Bxc4 h6 8. Bh4 Na5 9. Bd3 Bb4 10. O-O Bd6
11. e5 Bxe5 12. Nxe5 g5 13. Bg3 h5 14. h4 g4 15. Bf4 Qxd4 16. Bb5+
1-0

[Event "MDM 2008 Summer Open <1600"]
[Site "SchemingMind.com"]
[Date "2008.04.27"]
[Round "-"]
[White "agoodhobby"]
[Black "hawkeye"]
[Result "1-0"]
[WhiteCountry "USA"]
[BlackCountry "USA"]
[WhiteElo "1639"]
[WhiteRD "55"]
[BlackElo "1478"]
[BlackRD "94"]
[GameID "152349"]

1. d4 Nf6 2. c4 d5 3. Nc3 e6 4. Bg5 Be7 5. e3 O-O 6. Nf3 Nc6 7. Bd3 dxc4 8. Bxc4 a6 9. Qc2 Re8 10. O-O Nb4
11. Qb3 c5 12. a3 Nbd5 13. e4 Nc7 14. d5 b5 15. Be2 c4 16. Qc2 exd5 17. Rfd1 Be6 18. e5 Nh5 19. Bxe7 Rxe7 20. Ng5 Nf4
21. Qxh7+
1-0

[Event "MDM 2008 Summer Open <1600"]
[Site "SchemingMind.com"]
[Date "2008.04.26"]
[Round "-"]
[White "agoodhobby"]
[Black "scottie"]
[Result "1-0"]
[WhiteCountry "USA"]
[BlackCountry "ENG"]
[WhiteElo "1639"]
[WhiteRD "55"]
[BlackElo "1531"]
[BlackRD "84"]
[GameID "152350"]

1. d4 d5 2. c4 dxc4 3. e4 Nc6 4. Nf3 b5 5. a3 Nf6 6. Nc3 e6 7. Bg5 Be7 8. h3 a6 9. Be2 O-O 10. O-O h6
11. e5 Nh7 12. Bxe7 Qxe7 13. b3 cxb3 14. Qxb3 Ng5 15. Nd2 Nxd4 16. Qd1 Qc5 17. Nce4 Qxe5 18. Re1 Bb7 19. Rc1 Nxe4 20. Nf3 Nxf3+
21. Bxf3 Rfd8 22. Qc2 Rd4 23. Qxc7 Qxc7 24. Rxc7 Bd5 25. Rd7 e5 26. Rc1 Kf8 27. Rcc7 Ke8 28. Bxe4 Bxe4 29. Rxf7 Rc8 30. Rce7+ Kd8
31. Rxg7 Rd5 32. Ra7 Rd6 33. Rg8#
1-0

[Event "MDM 2008 Summer Open <1600"]
[Site "SchemingMind.com"]
[Date "2008.04.26"]
[Round "-"]
[White "agoodhobby"]
[Black "boba1844"]
[Result "1-0"]
[WhiteCountry "USA"]
[BlackCountry "USA"]
[WhiteElo "1621"]
[WhiteRD "59"]
[BlackElo "1206"]
[BlackRD "88"]
[GameID "152351"]

1. d4 d5 2. c4 e6 3. Nc3 Bd7 4. Nf3 Na6 5. e3 Bb4 6. cxd5 Nf6 7. Bd3 exd5 8. O-O Bxc3 9. bxc3 O-O 10. Qc2 Bg4
11. Ne5 Be6 12. f3 c6 13. e4 dxe4 14. fxe4 c5 15. d5 c4 16. Bxc4 Qb6+ 17. Kh1 Bd7 18. Bg5 Qa5 19. Bxf6 Ba4 20. Bb3 Bb5
21. Nc4 Bxc4 22. Bxc4 gxf6 23. Rxf6 Nc5 24. Bd3 Nd7 25. Rf3 Ne5 26. Rg3+ Ng6 27. h4 Qd8 28. h5 Qh4+ 29. Rh3 Qf6 30. hxg6 fxg6
31. Rf1 Qxf1+ 32. Bxf1 Rxf1+ 33. Kh2 Raf8 34. Qb3 Re1 35. d6+ Kh8 36. Qxb7 Ref1 37. Qxh7#
1-0

[Event "MDM 2008 Summer Open <1600"]
[Site "SchemingMind.com"]
[Date "2008.04.28"]
[Round "-"]
[White "agoodhobby"]
[Black "dtedesco"]
[Result "0-1"]
[WhiteCountry "USA"]
[BlackCountry "CAN"]
[WhiteElo "1621"]
[WhiteRD "59"]
[BlackElo "1471"]
[BlackRD "57"]
[GameID "152352"]

1. d4 Nf6 2. c4 g6 3. Nc3 Bg7 4. e4 d6 5. f3 O-O 6. Be3 Nc6 7. Nge2 a6 8. h3 e5 9. d5 Ne7 10. Qd2 c6
11. a4 cxd5 12. cxd5 Bd7 13. b4 b5 14. a5 Rc8 15. Rc1 Rc7 16. g4 Kh8 17. Bb6 Ne8 18. Bxc7 Nxc7 19. h4 Ng8 20. Bh3 Bh6
21. g5 Bg7 22. Bxd7 Qxd7 23. f4 exf4 24. Nxf4 Qg4 25. Nce2 Qf3 26. Rh3 Qxe4 27. Rxc7 Re8 28. Rxf7 Be5 29. h5 Bxf4 30. hxg6 Bxd2+
31. Kxd2 Qxe2+ 32. Kc1 Rc8+ 33. Kb1 Qc2+ 34. Ka1 Qc1+
0-1

[Event "MDM 2008 Summer Open <1600"]
[Site "SchemingMind.com"]
[Date "2008.04.26"]
[Round "-"]
[White "agoodhobby"]
[Black "Carl Lenox"]
[Result "1-0"]
[WhiteCountry "USA"]
[BlackCountry "CAN"]
[WhiteElo "1639"]
[WhiteRD "55"]
[BlackElo "1225"]
[BlackRD "58"]
[GameID "152353"]

1. d4 d5 2. c4 Nf6 3. Nc3 Nc6 4. Nf3 Bf5 5. e3 e6 6. Bd3 Bd6 7. Bxf5 exf5 8. Qd3 O-O 9. O-O Qd7 10. c5 Be7
11. a3 Ne4 12. Qb5 Rab8 13. Nd2 a6 14. Qe2 b5 15. f3 Nf6 16. e4 Nxd4 17. Qd3 Nb3 18. Nxb3 Qc6 19. exd5 Qa8 20. Qxf5 a5
21. d6 cxd6 22. cxd6 Bxd6 23. Nxb5 Be7 24. Bg5 a4 25. N3d4 Rfd8 26. Rac1 Rd5 27. Bxf6 Rxf5 28. Bxe7 Rd5 29. Bb4 Re8 30. Rc2 Ree5
31. Nc7 Qd8 32. Nxd5 Qxd5 33. Rc8+ Re8 34. Rxe8#
1-0

[Event "MDM 2008 Summer Open <1600"]
[Site "SchemingMind.com"]
[Date "2008.04.30"]
[Round "-"]
[White "agoodhobby"]
[Black "s-man"]
[Result "1-0"]
[WhiteCountry "USA"]
[BlackCountry "CAN"]
[WhiteElo "1639"]
[WhiteRD "55"]
[BlackElo "1250"]
[BlackRD "79"]
[GameID "152354"]

1. d4 d5 2. c4 e6 3. Nc3 dxc4 4. e4 Bd6 5. Bxc4 Nc6 6. Nf3 Na5 7. Bd3 Nf6 8. e5 Ng4 9. exd6 Qxd6 10. Qc2 c5
11. Qa4+ Bd7 12. Qxa5 b6 13. Qa3 cxd4 14. Qxd6 dxc3 15. Ne5 Rd8 16. Nxd7 Rxd7 17. Qb8+ Rd8 18. Qg3 f5 19. Bb5+ Ke7 20. Bg5+ Kf7
21. O-O Rd5 22. Be2 h6 23. Bxg4 hxg5 24. Bf3 Rc5 25. bxc3 Rxc3 26. Qxg5 Rh6 27. Bh5+ Kf8 28. Qd8#
1-0

[Event "MDM 2008 Summer Open <1600"]
[Site "SchemingMind.com"]
[Date "2008.04.28"]
[Round "-"]
[White "Brerrabbit"]
[Black "agoodhobby"]
[Result "0-1"]
[WhiteCountry "SCO"]
[BlackCountry "USA"]
[WhiteElo "1464"]
[WhiteRD "62"]
[BlackElo "1639"]
[BlackRD "55"]
[GameID "152355"]

1. e4 c5 2. d4 cxd4 3. c3 dxc3 4. Nxc3 Nc6 5. Nf3 d6 6. Bb5 Bd7 7. Bf4 e5 8. Bg5 Nf6 9. Nd5 Qa5+ 10. Nc3 Nxe4
11. Bd2 Nxc3 12. bxc3 Qxb5 13. Rb1 Qa5 14. O-O Qc7 15. Ng5 Be7 16. Qf3 Bxg5 17. Bxg5 h6 18. Be3 O-O-O 19. Rfd1 f5 20. Rb3 g5
21. g4 f4 22. Bd2 Be8 23. c4 h5 24. h3 Nd4 25. Qxb7+ Qxb7 26. Rxb7 Kxb7 27. Ba5 Rc8 28. Rb1+ Ka6
0-1

[Event "MDM 2008 Summer Open <1600"]
[Site "SchemingMind.com"]
[Date "2008.04.27"]
[Round "-"]
[White "hawkeye"]
[Black "agoodhobby"]
[Result "1-0"]
[WhiteCountry "USA"]
[BlackCountry "USA"]
[WhiteElo "1538"]
[WhiteRD "88"]
[BlackElo "1621"]
[BlackRD "59"]
[GameID "152356"]

1. b3 e5 2. Nc3 d5 3. e3 Nf6 4. Nf3 Nc6 5. Be2 Bb4 6. Bb2 O-O 7. O-O a6 8. a3 Bxc3 9. dxc3 Re8 10. c4 Bg4
11. Re1 h6 12. cxd5 Nxd5 13. c4 Nf6 14. Qc2 Qd7 15. Nh4 Rad8 16. Bxg4 Nxg4 17. Nf5 Qd2 18. Re2 Qxc2 19. Rxc2 g6 20. Ng3 f5
21. Nf1 f4 22. Re1 fxe3 23. Nxe3 Nxe3 24. fxe3 Kh7 25. Rf1 Rd7 26. b4 e4 27. Rcf2 Kg8 28. Bc3 Ne5 29. Bxe5 Rxe5 30. Ra2 Rd3
31. Re1 b5 32. c5 g5 33. Kf2 Kg7 34. Ke2 h5 35. Rd1 Rxd1 36. Kxd1 Rf5 37. Rd2 c6 38. Kc2 g4 39. Kc3 Kf6 40. Rd6+ Ke5
41. Rxc6 Rf2 42. Rh6 Ra2 43. Rxh5+ Ke6 44. c6 Kd6 45. Rc5 Kc7 46. Kd4 Rxg2 47. Kxe4 Rxh2 48. Kd4 g3 49. Rg5 g2 50. Rg6 Rh3
51. Rxg2 Kxc6 52. Rc2+ Kd6 53. Rc3 Rh4+ 54. e4 Kd7 55. Kd5
1-0

[Event "MDM 2008 Summer Open <1600"]
[Site "SchemingMind.com"]
[Date "2008.04.27"]
[Round "-"]
[White "scottie"]
[Black "agoodhobby"]
[Result "1-0"]
[WhiteCountry "ENG"]
[BlackCountry "USA"]
[WhiteElo "1531"]
[WhiteRD "84"]
[BlackElo "1639"]
[BlackRD "55"]
[GameID "152357"]

1. e4 e5 2. Nf3 Nc6 3. d4 exd4 4. Nxd4 Bc5 5. Nxc6 Qf6 6. f3 Qxc6 7. Nc3 Ne7 8. Qd3 O-O 9. Be3 Bxe3 10. Qxe3 Re8
11. Bd3 d5 12. O-O Nf5 13. Qf2 dxe4 14. Bxe4 Qe6 15. Rae1 Bd7 16. Bxb7 Qb6 17. Bxa8 Rxa8 18. Qxb6 axb6 19. Re5 Nd6 20. Rfe1 Nc4
21. Rd5 Bc6 22. Rd4 Nxb2 23. Nd5 Rxa2 24. Ne7+ Kf8 25. Nxc6 b5 26. Rd8#
1-0

[Event "MDM 2008 Summer Open <1600"]
[Site "SchemingMind.com"]
[Date "2008.04.27"]
[Round "-"]
[White "boba1844"]
[Black "agoodhobby"]
[Result "0-1"]
[WhiteCountry "USA"]
[BlackCountry "USA"]
[WhiteElo "1206"]
[WhiteRD "88"]
[BlackElo "1621"]
[BlackRD "59"]
[GameID "152358"]

1. e4 c5 2. Bc4 e6 3. Nh3 Nf6 4. d3 Nc6 5. O-O d5 6. exd5 exd5 7. Bb5 Bd7 8. Ng5 a6 9. Nxf7 Kxf7 10. Bxc6 Bxc6
11. Qf3 Be7 12. Bg5 Rf8 13. Bxf6 Bxf6 14. Qh5+ Kg8 15. Nc3 d4 16. Ne4 Bxe4 17. dxe4 Qc7 18. Rae1 Be5 19. c3 dxc3 20. bxc3 Bxc3
21. Re3 Bd4 22. Rh3 h6 23. Qd5+ Qf7 24. a4 Qxd5 25. exd5 Rf5 26. d6 Rd8 27. Rf3 Rxf3 28. gxf3 Rxd6 29. Kh1 b5 30. axb5 axb5
31. f4 Rf6 32. Re1 Rxf4 33. Re8+ Kf7 34. Rb8 Rxf2 35. Rb7+ Kg6 36. Rb6+ Kh5 37. Rxb5 g5 38. Rb1 g4 39. Rg1 Kg5 40. h3 Rh2+
41. Kxh2 Bxg1+ 42. Kxg1 gxh3
0-1

[Event "MDM 2008 Summer Open <1600"]
[Site "SchemingMind.com"]
[Date "2008.04.28"]
[Round "-"]
[White "dtedesco"]
[Black "agoodhobby"]
[Result "1-0"]
[WhiteCountry "CAN"]
[BlackCountry "USA"]
[WhiteElo "1471"]
[WhiteRD "57"]
[BlackElo "1621"]
[BlackRD "59"]
[GameID "152359"]

1. e4 e5 2. f4 exf4 3. Nf3 h6 4. d4 g5 5. h4 Bg7 6. Bc4 f6 7. Nc3 d6 8. hxg5 fxg5 9. Nd2 Nc6 10. Qh5+ Kd7
11. Qf7+ Qe7 12. Be6+ Kd8 13. Qg6 Bxe6 14. d5 Nd4 15. e5 Nxc2+ 16. Qxc2 Bxd5 17. Nxd5 Qxe5+ 18. Qe4 Qxe4+ 19. Nxe4 Ne7 20. Nxe7 Kxe7
21. Bd2 Rae8 22. O-O-O Kd7 23. Bc3 Bxc3 24. Nxc3 h5 25. Nd5 Re2 26. Rd2 Ree8 27. Nf6+ Ke7 28. Nxe8 Kxe8 29. Re1+ Kd7 30. Re4 h4
31. a4 h3 32. gxh3 Rxh3 33. b4 b6 34. b5 f3 35. Rg4
1-0

[Event "MDM 2008 Summer Open <1600"]
[Site "SchemingMind.com"]
[Date "2008.04.26"]
[Round "-"]
[White "Carl Lenox"]
[Black "agoodhobby"]
[Result "0-1"]
[WhiteCountry "CAN"]
[BlackCountry "USA"]
[WhiteElo "1225"]
[WhiteRD "58"]
[BlackElo "1639"]
[BlackRD "55"]
[GameID "152360"]

1. e4 c5 2. Nc3 Nc6 3. Nf3 e6 4. Bc4 Nf6 5. O-O d6 6. d3 Be7 7. Bf4 O-O 8. Qe2 e5 9. Be3 Qb6 10. Nb5 a6
11. a4 axb5 12. Bxb5 Na7 13. Rad1 Nxb5 14. axb5 Qxb5 15. Rb1 d5 16. c4 dxc4 17. dxc4 Qc6 18. Nxe5 Qxe4 19. f4 Bg4 20. Qd2 Rfd8
21. Qf2 Bd6 22. Nf3 Bxf4 23. Rfe1 Bxe3 24. Qxe3 Qxe3+ 25. Rxe3 Bxf3 26. Rxf3 h6 27. b4 Ra2 28. bxc5 Rdd2 29. Rg3 Ne4 30. Rgb3 Rxg2+
31. Kh1 Rxh2+ 32. Kg1 Rag2+ 33. Kf1 Nd2+ 34. Ke1 Rh1#
0-1

[Event "MDM 2008 Summer Open <1600"]
[Site "SchemingMind.com"]
[Date "2008.04.30"]
[Round "-"]
[White "s-man"]
[Black "agoodhobby"]
[Result "0-1"]
[WhiteCountry "CAN"]
[BlackCountry "USA"]
[WhiteElo "1250"]
[WhiteRD "79"]
[BlackElo "1639"]
[BlackRD "55"]
[GameID "152361"]

1. d4 d5 2. Nf3 Nf6 3. Ne5 e6 4. e3 Bd6 5. Nc3 Bb4 6. a3 Bxc3+ 7. bxc3 O-O 8. f3 c5 9. dxc5 Qc7 10. f4 Qxc5
11. Qd4 Qxd4 12. cxd4 Nc6 13. Nxc6 bxc6 14. Bd3 a5 15. c4 Ba6 16. Rb1 Rab8 17. h4 Rxb1 18. Bxb1 Bxc4 19. Bd2 Rb8 20. Kf2 Ng4+
21. Kg3 h5 22. Bxa5 Rb3 23. Kf3 Rxe3#
0-1

[Event "MDM 2008 Summer Open <1600"]
[Site "SchemingMind.com"]
[Date "2008.04.28"]
[Round "-"]
[White "Zugzwang"]
[Black "Brerrabbit"]
[Result "0-1"]
[WhiteCountry "CAN"]
[BlackCountry "SCO"]
[WhiteElo "1503"]
[WhiteRD "59"]
[BlackElo "1464"]
[BlackRD "62"]
[GameID "152362"]

1. d4 d5 2. Nf3 Nc6 3. e3 Nf6 4. Bd3 e6 5. Nbd2 Bd6 6. O-O e5 7. dxe5 Bxe5 8. Re1 Bg4 9. c4 d4 10. Qb3 Na5
11. Qb5+ Nc6 12. Nxe5 O-O 13. Nxg4 Nxg4 14. Qf5 Qh4 15. h3 g6 16. Qxg4 Qf6 17. Ne4 Qe7 18. b3 f5 19. Qg3 fxe4 20. Bxe4 Qxe4
21. Qxc7 Rxf2 22. Qg3 Raf8 23. Ba3 R8f5 24. Bc5 d3 25. Rad1 d2 26. Qd6 Qxg2#
0-1